Spiders in the house and workers in the field.

Bibliographic Details
Main Author: Galarza, Ernesto, 1905-1984
Format: Book
Language:English
Published: Notre Dame : University of Notre Dame Press, [1970]
Subjects:

MARC

Tag First Indicator Second Indicator Subfields
LEADER 00000cam a2200000 4500
001 in00000202721
005 20151009065313.0
008 700615s1970 inu b 00100 eng
010 |a  77105730  
035 |a (OCoLC)00080040 
035 |9 AAY3776AM 
037 |c 7.50 
040 |a DLC  |c DLC  |d TXA  |d UtOrBLW 
049 |a TXAM  |c [532489] 
050 0 0 |a KF228.D5  |b G3 
082 0 |a 331.7/63/09794 
100 1 |a Galarza, Ernesto,  |d 1905-1984. 
245 1 0 |a Spiders in the house and workers in the field. 
264 1 |a Notre Dame :  |b University of Notre Dame Press,  |c [1970] 
300 |a xiv, 306 pages ;  |c 24 cm. 
336 |a text  |b txt  |2 rdacontent 
337 |a unmediated  |b n  |2 rdamedia 
338 |a volume  |b nc  |2 rdacarrier 
504 |a Bibliography: pages 277-287. 
610 2 0 |a Di Giorgio Fruit Corporation. 
650 0 |a Agricultural laborers  |z California. 
999 |a MARS 
999 f f |s 355aea01-f021-3a68-b2c3-8433c596e874  |i a0891c78-a218-3c97-8bb5-a8d122c00e8a  |t 0 
952 f f |p ric  |a Texas A&M University  |b Rellis Campus  |c Joint Library Facility  |d Remote Storage  |t 0  |e KF228.D5 G3  |h Library of Congress classification  |i unmediated -- volume  |m A14803157049 
998 f f |a KF228.D5 G3  |t 0  |l Remote Storage